Angel with Horns / (Record no. 37788)
[ view plain ]
| 000 -LEADER | |
|---|---|
| fixed length control field | 00387nam a2200157Ia 4500 |
| 001 - CONTROL NUMBER | |
| control field | 37812 |
| 005 - DATE AND TIME OF LATEST TRANSACTION | |
| control field | 20240114001946.0 |
| 007 - PHYSICAL DESCRIPTION FIXED FIELD--GENERAL INFORMATION | |
| fixed length control field | ta |
| 008 - FIXED-LENGTH DATA ELEMENTS--GENERAL INFORMATION | |
| fixed length control field | 070619s g b000 u u |
| 082 ## - DEWEY DECIMAL CLASSIFICATION NUMBER | |
| Classification number | 822.33 |
| Item number | Ro 71 An |
| 100 ## - MAIN ENTRY--PERSONAL NAME | |
| Personal name | Rossiter, A P . |
| 245 #0 - TITLE STATEMENT | |
| Title | Angel with Horns / |
| Statement of responsibility, etc. | A P Rossiter. |
| Medium | Textual Documents |
| 653 ## - INDEX TERM--UNCONTROLLED | |
| Uncontrolled term | English Literature |
| 942 ## - ADDED ENTRY ELEMENTS (KOHA) | |
| Source of classification or shelving scheme | Dewey Decimal Classification |
| Koha item type | Books |
| Withdrawn status | Lost status | Damaged status | Not for loan | Collection | Home library | Current library | Date acquired | Coded location qualifier | Total checkouts | Full call number | Barcode | Date last seen | Copy number | Price effective from | Koha item type |
|---|---|---|---|---|---|---|---|---|---|---|---|---|---|---|---|
| Dr. Suryya Kumar Bhuyan Library | Dr. Suryya Kumar Bhuyan Library | 01/02/2012 | 00000 | 822.33 Ro 71 An | 062/Eng | 14/01/2024 | 1 | 01/02/2012 | Books |
